000 00621nam a2200217Ia 4500
003 OSt
005 20230509165329.0
008 210423s2008 xx 000 0 und d
020 _a9781555814724
040 _cAL
041 _aeng
082 _a660.6 KREH
_223
100 _aKREUZER (Helen);MASSEY (Adrianne).
_9101689
245 _aMolecular biology and biotechnology: a guide for students.
250 _a3
260 _aWashington
_bASM Publishers
_c2008
300 _ax,487
_bPB
365 _b3274
_cINR
906 _abiology ; biotechnology ; biotechnology: ; guide ; Molecular ; students.
942 _2ddc
_cBK
999 _c164575
_d164575